Eine archäologisch beachtenswerte Notiz bei Evlija

Elmentve itt :
Bibliográfiai részletek
Szerző: Jacob Georg
Dokumentumtípus: Cikk
Megjelent: Trübner Strassburg 1912
Sorozat:Der Islam
Tárgyszavak:
Online Access:http://misc.bibl.u-szeged.hu/62710
LEADER 00690nab a2200205 i 4500
001 misc62710
005 20220919110225.0
008 220426s1912 hu o 0|| ger d
040 |a SZTE Miscellanea Repozitórium  |b hun 
041 |a ger 
100 1 |a Jacob Georg 
245 1 0 |a Eine archäologisch beachtenswerte Notiz bei Evlija  |h [elektronikus dokumentum] /  |c  Jacob Georg 
260 |a Trübner  |b Strassburg  |c 1912 
300 |a [1] p.  |c 26 cm 
490 0 |a Der Islam 
561 |a Németh Gyula hagyaték 
591 |a NOA 2450 
650 4 |a Bölcsészettudományok 
650 4 |a Történettudomány és régészet 
856 4 0 |u http://misc.bibl.u-szeged.hu/62710/1/2450_noa_j11.pdf  |z Dokumentum-elérés